00581nam a22001697a 450000500170000001000130001702000260003003500120005603700160006808200080008410000260009224501030011824600570022126000530027827000590033130000210039020221212114938.0 aUR-11790 a9789391238636c250.00 aU-10345 bDBAD/PUBa- a841 aسرفراز اشہر aخوابوں کا اک جزیرہ :b(شعری مجموعہ) /cسرفراز اشہرhا ر د و aKhwabon ka ek jazeera (Poetry) /bby Sarfaraz Ashhar aNew DelhibEducational Publishing Housec2021 ء aH.o. D1/16, Ansari Road, Darya GanjbNew Delhie110002 a140 صc23cm(Hb)